| Tag |
First Indicator |
Second Indicator |
Subfields |
| LEADER |
00000cam a2200000La 4500 |
| 001 |
in00001746923 |
| 005 |
20220105121646.0 |
| 006 |
m u |
| 007 |
cr cn- |
| 008 |
001009s1999 mtua s 000 0ceng d |
| 010 |
|
|
|z 99028159
|
| 020 |
|
|
|a 0585265593 (electronic bk.) :
|c $14.95
|
| 020 |
|
|
|z 156044858X (pbk.)
|
| 035 |
|
|
|a (OCoLC)ocm45731944
|
| 040 |
|
|
|a N$T
|c N$T
|d OCL
|d UtOrBLW
|
| 049 |
|
|
|a IKMN
|
| 050 |
1 |
4 |
|a GV199.9
|b .H55 1999eb
|
| 082 |
0 |
4 |
|a 796.52/2/0922
|a B
|2 21
|
| 245 |
0 |
4 |
|a The high lonesome :
|b epic solo climbing stories /
|c edited by John Long and Hai-Van K. Sponholz.
|
| 246 |
3 |
|
|a Epic solo climbing stories
|
| 264 |
|
1 |
|a Helena, Mont. :
|b Falcon,
|c [1999]
|
| 264 |
|
4 |
|c ©1999
|
| 300 |
|
|
|a 166 pages :
|b illustrations ;
|c 23 cm.
|
| 336 |
|
|
|a text
|b txt
|2 rdacontent
|
| 337 |
|
|
|a computer
|b c
|2 rdamedia
|
| 338 |
|
|
|a online resource
|b cr
|2 rdacarrier
|
| 490 |
1 |
|
|a A Falcon guide
|
| 533 |
|
|
|a Electronic reproduction.
|b Boulder, Colo. :
|c NetLibrary,
|d 2000.
|n Available via World Wide Web.
|n Access may be limited to NetLibrary affiliated libraries.
|
| 500 |
|
|
|a Electronic resource.
|
| 650 |
|
0 |
|a Mountaineers
|v Biography.
|0 http://id.loc.gov/authorities/subjects/sh2008108044
|
| 650 |
|
0 |
|a Mountaineering.
|0 http://id.loc.gov/authorities/subjects/sh85087816
|
| 655 |
|
7 |
|a Electronic books.
|2 local
|
| 700 |
1 |
|
|a Long, John,
|d 1953-
|0 http://id.loc.gov/authorities/names/n96002309
|
| 700 |
1 |
|
|a Sponholz, Hai-Van K.
|0 http://id.loc.gov/authorities/names/n99044905
|
| 710 |
2 |
|
|a NetLibrary, Inc.
|0 http://id.loc.gov/authorities/names/no99080690
|
| 776 |
1 |
|
|c Original
|w (DLC) 99028159
|w (OCoLC)41096333
|
| 830 |
|
0 |
|a Falcon guide.
|0 http://id.loc.gov/authorities/names/n91029985
|
| 856 |
4 |
1 |
|u https://proxy.library.tamu.edu/login?url=http://www.netLibrary.com/urlapi.asp?action=summary&v=1&bookid=34718
|z Connect to the full text of this electronic book
|t 0
|
| 994 |
|
|
|a 92
|b IKM
|
| 999 |
|
|
|a MARS
|
| 999 |
f |
f |
|s 26be89d4-9ca0-3a98-9980-88a8dafbf1ea
|i 23aeddca-3fbb-39c4-8d0c-59e40f271725
|t 0
|
| 952 |
f |
f |
|a Texas A&M University
|b College Station
|c Electronic Resources
|d Available Online
|t 0
|e GV199.9 .H55 1999eb
|h Library of Congress classification
|
| 998 |
f |
f |
|a GV199.9 .H55 1999eb
|t 0
|l Available Online
|